| 000 | 00836cam a22002775a 4500 | ||
|---|---|---|---|
| 001 | 18603262 | ||
| 005 | 20161124121610.0 | ||
| 008 | 150504t2016 maua frbd 001 0 eng d | ||
| 020 | _a9780133146400 | ||
| 020 | _a0133146405 | ||
| 040 |
_aDLC _beng _cDLC _dDLC _dEG-ScBUE |
||
| 082 | 0 | 4 |
_a614.15 _222 _bHAR |
| 100 | 1 | _aHarmening, William M. | |
| 245 | 1 | 0 |
_aForensic psychology / _cby William Harmening, Ana M. Gamez. |
| 260 |
_aBoston : _bPearson Education, _cc.2016. |
||
| 300 |
_axx, 476 p. : _bill. ; _c26 cm. |
||
| 500 | _aGlossary : p. 421-433. | ||
| 500 | _aIndex : p. 465-476. | ||
| 504 | _aBibliography : p. 434-462. | ||
| 650 | 7 |
_aForensic psychology. _2BUEsh _939967 |
|
| 650 | 7 |
_aCriminal psychology. _2BUEsh _939966 |
|
| 651 | _2BUEsh | ||
| 653 |
_bHHUUPPSS _cNovember2016 |
||
| 700 | 1 | _aGamez, Ana M. | |
| 942 | _2ddc | ||
| 999 |
_c23320 _d23292 |
||